Kendrick Lamar Lyrics - Multiple Choice - Statistics

General Stats
  • This quiz has been taken 128 times
  • The average score is 9 of 15
Answer Stats
Question Answer % Correct
Kendrick Lamar Lyric? FEAR, Fear of losin' creativity, I'm talkin' FEAR, Fear of missin' out on you and me.
84%
Kendrick Lamar Lyric? Motherf**k the big three, n***a it's just big me.
82%
Kendrick Lamar Lyric? When the lights shut off, and it's my turn to settle down, my main concern, Promise that you will sing about me, Promise that you will sing about me.
82%
Kendrick Lamar Lyric? Am I worth it? Did I put enough work in?
80%
Kendrick Lamar Lyric? If I didn't ride blade on curb would you still love me?
79%
Kendrick Lamar Lyric? All my life I want money and power, respect my mind and n***a it's go time,
76%
Kendrick Lamar Lyric? I live inside the belly of the rough, Compton USA, made me an angel on angel dust.
69%
Kendrick Lamar Lyric? Consider what god's considerin' he don't know nunnin' bout that.
66%
Kendrick Lamar Lyric? Lost too many soldiers not to play it safe,
64%
Kendrick Lamar Lyric? That goes for Jermaine Cole, Big Krit Wale, Pusha T, Meek Millz, A$AP Rocky, Drake.
59%
Kendrick Lamar Lyric? My physical is tested all the time, pitiful.
55%
Kendrick Lamar Lyric? I got love for you all but I'm tryna murder you n***as,
53%
Kendrick Lamar Lyric? I see a new Earth, filled with beautiful people makin' humanity work.
53%
Kendrick Lamar Lyric? Pool full of Kendrick's lies in it.
22%
Kendrick Lamar Lyric? Miscellaneous minds never explainin' their minds, DEVILISH grin,
21%
No matching quizzes found
Score Distribution
Percent of People with Each Score
Percentile by Number Answered
Your Score History
You have not taken this quiz